Informe de Práctica Supervisada realizado en el Hospital Dr. Rafael Ángel Calderón Guardia (Registro nro. 6608)
[ vista simple ]
| 000 -LEADER | |
|---|---|
| fixed length control field | 00485nmm a22001697a 4500 |
| 005 - DATE AND TIME OF LATEST TRANSACTION | |
| control field | 20160215144419.0 |
| 008 - FIXED-LENGTH DATA ELEMENTS--GENERAL INFORMATION | |
| fixed length control field | 150727b xxu||||| |||| 00| 0 spa d |
| 041 ## - LANGUAGE CODE | |
| Language code of text/sound track or separate title | Español |
| 082 ## - DEWEY DECIMAL CLASSIFICATION NUMBER | |
| Classification number | MD |
| Item number | 23 |
| 100 ## - MAIN ENTRY--AUTHOR NAME | |
| Personal name | Molina, Marianela |
| 245 ## - TITLE STATEMENT | |
| Title | Informe de Práctica Supervisada realizado en el Hospital Dr. Rafael Ángel Calderón Guardia |
| 260 ## - PUBLICATION, DISTRIBUTION, ETC. (IMPRINT) | |
| Year of publication | 2012 |
| 650 ## - SUBJECT ADDED ENTRY--TOPICAL TERM | |
| Topical Term | COSTA RICA |
| 650 ## - SUBJECT ADDED ENTRY--TOPICAL TERM | |
| Topical Term | MECANICA DENTAL |
| 650 ## - SUBJECT ADDED ENTRY--TOPICAL TERM | |
| Topical Term | REVESTIDO DE MODELOS |
| 942 ## - ADDED ENTRY ELEMENTS (KOHA) | |
| Tipo de ítem | Informe de Práctica |
| Withdrawn status | Estado | Estado físico | Not for loan | Precio de compra | Total Checkouts | Clasificación | Número de inscripción | Date last seen | Tipo de ítem |
|---|---|---|---|---|---|---|---|---|---|
| 62720.00 | MD 23 | MD23 | 15/02/2016 | Informe de Práctica |